| 000 | 00640nam a2200145 a 4500 | ||
|---|---|---|---|
| 008 | 070914s2007 ||||||||||||||||| || u | ||
| 050 | _aTHESIS/MBA | ||
| 100 | _aKabwe, Chimanga | ||
| 245 | 1 | 0 |
_aUniversity graduates and firm creation in preference to professioal practice in Zambia _cSupervised by Mr. M. K. Banda |
| 260 |
_aKitwe _bCopperbelt University, School of Business, MBA Programme _c2007 |
||
| 350 | _a0.00 | ||
| 650 | 0 | _aBUSINESS | |
| 650 | _aFIRM CREATION--RESEARCH | ||
| 995 |
_D0.00 _FCBU-MAIN LIBRARY (Kitwe) _H1 _I0.00 _M1 _UAVAILABLE _WSep 14, 2007 _ZUniversity Collection |
||
| 999 |
_c60895 _d60895 |
||